| 000 | 00354nam a22001337a 4500 | ||
|---|---|---|---|
| 020 | _a817544116X | ||
| 082 |
_a658.3125 _bJER |
||
| 100 | _aJerome, Paul J. | ||
| 245 |
_aEvaluating Employee Performance / _cPaul J. Jerome |
||
| 260 |
_aNew Delhi : _bWheeler Publishing, _c1997. |
||
| 300 |
_a124 p. ; _c24 cm. |
||
| 563 | _aPBK. | ||
| 942 |
_2ddc _cBK |
||
| 999 |
_c594205 _d594205 |
||